Contemporary property development (Record no. 108454)

MARC details
000 -LEADER
fixed length control field 01381cam a22002535a 4500
001 - CONTROL NUMBER
control field L144322
008 - FIXED-LENGTH DATA ELEMENTS--GENERAL INFORMATION
fixed length control field 080818s2008 xxkdo f s 000 0 eng d
020 ## - INTERNATIONAL STANDARD BOOK NUMBER
International Standard Book Number 9781859462850
035 ## - SYSTEM CONTROL NUMBER
System control number (Sirsi) u144322
041 0# - LANGUAGE CODE
Language code of text/sound track or separate title eng
050 04 - LIBRARY OF CONGRESS CALL NUMBER
Classification number 333.33 $2 18
100 1# - MAIN ENTRY--PERSONAL NAME
Personal name Havard, Timothy
245 00 - TITLE STATEMENT
Title Contemporary property development
250 ## - EDITION STATEMENT
Edition statement 2nd ed.
260 ## - PUBLICATION, DISTRIBUTION, ETC.
Place of publication, distribution, etc. London
Name of publisher, distributor, etc. RIBA Publishing
Date of publication, distribution, etc. 2008
300 ## - PHYSICAL DESCRIPTION
Extent xii, 356p.
Other physical details ill.
Dimensions 25cm.
505 2# - FORMATTED CONTENTS NOTE
Formatted contents note The background to property development in the UK -- Development inception -- The finance and economics of development -- Financial appraisal of development projects -- Executing the development -- Post completion -- Risk appraisal and risk mitigation: a common-sense approach -- Case studies
520 ## - SUMMARY, ETC.
Summary, etc. Offers a detailed and informative examination of property development for financial gain. Aimed at construction professionals and students; the book serves as an introductory volume, while providing access points for more detailed study. Argues that some of the most contentious projects in the UK public sector in recent years have been property development decisions and offers a better understanding of the mechanics of the sector to aid in better decision making for the future.
521 ## - TARGET AUDIENCE NOTE
Target audience note Advanced
651 #4 - SUBJECT ADDED ENTRY--GEOGRAPHIC NAME
Geographic name United Kingdom
Chronological subdivision
690 ## - LOCAL SUBJECT ADDED ENTRY--TOPICAL TERM (OCLC, RLIN)
Topical term or geographic name as entry element PROPERTY-PROPERTY DEVELOPMENT
942 ## - ADDED ENTRY ELEMENTS (KOHA)
Suppress in OPAC 0
Holdings
Withdrawn status Lost status Source of classification or shelving scheme Damaged status Not for loan Home library Current library Shelving location Date acquired Total Checkouts Full call number Barcode Date last seen Date last checked out Copy number Price effective from Koha item type
    Dewey Decimal Classification     London London Books 13/08/2008 10 333.33 HAV 30074866 06/08/2019 11/01/2010 2 06/08/2019 Book